00527 2200229 4500001002100000008004100021035002000062245004600082100001300128250000600141260003000147084001400177082000800191650001400199990001200213990001200225990001200237990001200249990001200261990001200273990001200285INLIS000000000001218 ind  a0010-0524000453 aKimia Untuk Pemula Edisi KetigacDavid E. aDavid E. a1 aJakarta :bErlanggac2007 a540 DAV k a540 aNon Fiksi a0714020 a0714021 a0714022 a0714023 a0714024 a0714025 a0714026